000 00365cam a2200145ua 4500
041 _aeng
_h
082 _a823.301
_bDOW/OL
100 _aDower, Pauline .
245 _aOld testment stories /
_cPauline dower.
_hTextual Documents
260 _aCalcutta :
_bOxford University Press ,
_c1968.
300 _a16 ; .
504 _a
942 _cBK
999 _c3475
_d3475